The lineup : the world's greatest crime writers tell the inside story of their greatest detectives /

Shares the stories behind the creations of many of the mystery genre's most popular characters, revealing the inspirations for such examples as Michael Connelly's Harry Bosch and Alexander McCall Smith's Precious Ramotswe.

Bibliographic Details
Other Authors: Penzler, Otto
Format: Book
Language:English
Published: New York : Little, Brown and Co., 2009.
Edition:1st ed.
Subjects:

MARC

Tag First Indicator Second Indicator Subfields
LEADER 00000cam a22000004a 4500
001 in00002546708
005 20151201101502.0
008 090420s2009 nyu 000 0 eng
010 |a  2009015540 
020 |a 9780316031936 
020 |a 0316031933 
029 1 |a NZ1  |b 13075222 
029 1 |a AU@  |b 000044133128 
035 |a (OCoLC)ocn318879241 
035 |a (OCoLC)318879241 
040 |a DLC  |c DLC  |d YDX  |d VP@  |d YDXCP  |d UtOrBLW 
049 |a TXAM 
050 0 0 |a PS374.D4  |b L56 2009 
082 0 0 |a 813/.08720927  |2 22 
245 0 4 |a The lineup :  |b the world's greatest crime writers tell the inside story of their greatest detectives /  |c edited by Otto Penzler. 
250 |a 1st ed. 
264 1 |a New York :  |b Little, Brown and Co.,  |c 2009. 
300 |a viii, 406 pages ;  |c 25 cm. 
336 |a text  |b txt  |2 rdacontent 
337 |a unmediated  |b n  |2 rdamedia 
338 |a volume  |b nc  |2 rdacarrier 
520 |a Shares the stories behind the creations of many of the mystery genre's most popular characters, revealing the inspirations for such examples as Michael Connelly's Harry Bosch and Alexander McCall Smith's Precious Ramotswe. 
505 0 0 |t Jack Taylor /  |r by Ken Bruen --  |t Jack Reacher /  |r by Lee Child --  |t Hieronymus Bosch /  |r by Michael Connelly --  |t Charlie Parker /  |r by John Connolly --  |t Elvis Cole and Joe Pike /  |r by Robert Crais --  |t Lincoln Rhyme /  |r by Jeffery Deaver --  |t Inspector Morse /  |r by Colin Dexter --  |t Charlie Resnick /  |r by John Harvey --  |t Bob Lee Swagger /  |r by Stephen Hunter --  |t Peter Decker and Rina Lazarus /  |r by Faye Kellerman --  |t Alex Delaware /  |r by Jonathan Kellerman --  |t Dismas Hardy /  |r by John Lescroart --  |t Tess Monaghan /  |r by Laura Lippman --  |t Rambo /  |r by David Morrell --  |t Mallory /  |r by Carol O' Connell --  |t Spenser /  |r by Robert B. Parker --  |t Lou Boldt /  |r by Ridley Pearson --  |t Charlotte and Thomas Pitt /  |r by Anne Perry --  |t Aloysius X. L. Pendergast /  |r by Douglas Preston and Lincoln Child --  |t John Rebus /  |r by Ian Rankin --  |t Precious Ramotswe /  |r by Alexander McCall Smith. 
650 0 |a Detective and mystery stories, American  |x Sources. 
650 0 |a Detective and mystery stories, English  |x Sources. 
650 0 |a Characters and characteristics in literature. 
650 0 |a Detectives in literature. 
650 0 |a Detective and mystery stories  |x Authorship. 
650 0 |a Novelists, American  |y 20th century  |v Biography. 
650 0 |a Novelists, English  |y 20th century  |v Biography. 
700 1 |a Penzler, Otto. 
938 |a YBP Library Services  |b YANK  |n 3083503 
945 |a PromptCat  |b 904089 
946 |a stk 
947 |a A14840066166 
994 |a 92  |b TXA 
948 |a cataloged  |b h  |d 2010/2/18  |h c  |e asalazar  |f 1:51:30 pm 
999 |a MARS 
999 f f |s c2556dc2-288a-3954-9ea1-109ee04b8557  |i ce399062-7572-3a3c-812c-19dab0ca2f96  |t 0 
952 f f |p normal  |a Texas A&M University  |b College Station  |c Sterling C. Evans Library  |d Evans: Library Stacks  |t 0  |e PS374.D4 L56 2009  |h Library of Congress classification  |i unmediated -- volume  |m A14840066166 
998 f f |a PS374.D4 L56 2009  |t 0  |l Evans: Library Stacks